El libro de los sones /

Guardado en:
Autor Principal: Guillen, Nicolás
Formato: Libro
Publicado: Cuba : Letras Cubanas, 1982
Materias:
Etiquetas: Agregar Etiqueta
Sin Etiquetas, Sea el primero en etiquetar este registro!
LEADER 00584nam a22002055a 4500
001 CEM.cems003079
005 20100920125205.0
008 130507s1982##################000#0#####d
003 CEMS
082 0 4 |a Cu861.4 
100 1 |a Guillen, Nicolás 
245 1 0 |a El libro de los sones /  |c Nicolás Guillen 
260 |a Cuba :  |b Letras Cubanas,  |c 1982 
300 |a 165 p. 
653 |a Literatura 
653 |a Literatura hispanoamericana 
653 |a Poesías 
653 |a Poesía cubana-siglo 20 
653 |a Literatura cubana 
859 |a CEMS  |b BIB. CEMS - 11 de abril  |h Cu861.4  |i G945  |p 16641.92  |t Ej.1